Comparative Study of Environmetal Awareness (Record no. 198210)

MARC details
000 -LEADER
fixed length control field 00512nam a22001817a 4500
005 - DATE AND TIME OF LATEST TRANSACTION
control field 20230915150715.0
010 ## - LCCN (DPL NO)
LC control number ENG-138017
020 ## - INTERNATIONAL STANDARD BOOK NUMBER
Terms of availability 1225.00
035 ## - SYSTEM CONTROL NUMBER
System control number EN-121549
037 ## - SOURCE OF ACQUISITION
Source of stock number/acquisition DBAD/PUB
082 ## - DEWEY DECIMAL CLASSIFICATION NUMBER
Classification number 550
100 ## - MAIN ENTRY--PERSONAL NAME
Personal name Das, Nanima
245 ## - TITLE STATEMENT
Title Comparative Study of Environmetal Awareness
Statement of responsibility, etc Nanima Das
260 ## - PUBLICATION, DISTRIBUTION, ETC. (IMPRINT)
Place of publication, distribution, etc Assam
Name of publisher, distributor, etc EBH Publishers
Date of publication, distribution, etc 2022
270 ## - ADDRESS
Address 136, M.L. Nehru Road, Panbazar
City Guwahati
Postal code 781001
300 ## - PHYSICAL DESCRIPTION
Extent 222 P
Dimensions 25cm(pbk)
942 ## - ADDED ENTRY ELEMENTS (KOHA)
Source of classification or shelving scheme Dewey Decimal Classification
Item type English Books
Classification part 550
Call number suffix DAS
Holdings
Withdrawn status Lost status Not for loan Collection code Home library Current library Date acquired Source of acquisition Cost, normal purchase price Full call number Barcode Copy number Cost, replacement price Koha item type
      Non-fiction Sarojini Nagar Sarojini Nagar 15/09/2023 DBAD/PUB 1225.00 550 DAS EN-121549 1 1225.00 English Books

© Delhi Public Library
Hit Counter
free hit counter